Вып. 100; В помощь радиолюбителю

書誌詳細
Parent link:В помощь радиолюбителю: сборник. Вып. 100.— , 1956-1992
その他の著者: Иванов Б. С. (составитель)
言語:ロシア語
出版事項: 1988
主題:
フォーマット: 図書
KOHA link:https://koha.lib.tpu.ru/cgi-bin/koha/opac-detail.pl?biblionumber=261232

MARC

LEADER 00000nam2a2200000 4500
001 261232
005 20231101233539.0
035 |a (RuTPU)RU\TPU\book\284208 
090 |a 261232 
100 |a 20140521d1988 m y0rusy50 ca 
101 0 |a rus 
102 |a RU 
105 |a a z 001zy 
200 0 |a Вып. 100 
210 |d 1988 
215 |a 95 с.  |c ил. 
320 |a Библиогр. в конце ст. 
461 1 |0 (RuTPU)RU\TPU\book\199930  |t В помощь радиолюбителю  |o сборник  |v Вып. 100  |d 1956-1992 
606 1 |a Радиолюбительство  |2 stltpush  |3 (RuTPU)RU\TPU\subj\22850  |9 47536 
610 1 |a конструкции 
610 1 |a радиоприемники 
610 1 |a переговорные устройства 
610 1 |a усилители 
610 1 |a приемники 
610 1 |a приставки 
675 |a 621.396  |v 3 
702 1 |a Иванов  |b Б. С.  |4 220 
801 1 |a RU  |b 63413507  |c 20140521 
801 2 |a RU  |b 63413507  |c 20150204  |g RCR 
942 |c BK